Benson's Microbiological Applications: laboratory manual in general microbiology. (12th ed.) (Record no. 35734)

MARC details
000 -LEADER
fixed length control field 00632nam a2200157 a 4500
008 - FIXED-LENGTH DATA ELEMENTS--GENERAL INFORMATION
fixed length control field 130408s2009 ||||||||||||||||| || u
020 ## - INTERNATIONAL STANDARD BOOK NUMBER
International Standard Book Number 9780071221818
050 ## - LIBRARY OF CONGRESS CALL NUMBER
Classification number QR 63 Bro
100 ## - MAIN ENTRY--PERSONAL NAME
Personal name Brown, Alfred E
245 10 - TITLE STATEMENT
Title Benson's Microbiological Applications: laboratory manual in general microbiology. (12th ed.)
Statement of responsibility, etc. by Alfred E. Brown
250 ## - EDITION STATEMENT
Edition statement 12th ed.
260 ## - PUBLICATION, DISTRIBUTION, ETC.
Place of publication, distribution, etc. New York:
Name of publisher, distributor, etc. McGraw-Hill
Date of publication, distribution, etc. 2009
300 ## - PHYSICAL DESCRIPTION
Extent xvi, 515p. (various pagings): ill.
650 ## - SUBJECT ADDED ENTRY--TOPICAL TERM
Topical term or geographic name entry element MICROBIOLOGY--LABORATORY MANUALS
995 ## - RECOMMENDATION 995 [LOCAL, UNIMARC FRANCE]
-- CBU-MAIN LIBRARY (Kitwe)
-- 1
-- AVAILABLE
-- May 22, 2013
-- Short Loan Collection
Holdings
Withdrawn status Lost status Source of classification or shelving scheme Damaged status Not for loan Home library Current library Shelving location Date acquired Total Checkouts Full call number Barcode Date last seen Price effective from Koha item type
          CBU-MAIN LIBRARY, KITWE. CBU-MAIN LIBRARY, KITWE.   11/30/2022   QR 63 Bro 743655 11/30/2022 11/30/2022 MONOGRAPH